Statistics for Countries that have Invaded Poland Throughout History

Click here to take the quiz!

General Stats

  • This quiz has been taken 69 times
  • The average score is 4 of 8

Answer Stats

HintAnswer% Correct
1Germany
100%
7Austria
77%
2Soviet Union
77%
3Lithuania
46%
5Denmark
40%
8Mongolia
38%
4Czechoslovakia
18%
6Crimean Khanate
3%

Score Distribution

Percentile by Number Answered

Percent of People with Each Score

Your Score History

You have not taken this quiz